Statistics for Biopic Actors #2

Click here to take the quiz!

General Stats

  • This quiz has been taken 25 times
  • The average score is 9 of 20

Answer Stats

Famous Person Movie Played by... % Correct
Oskar SchindlerSchindler's ListLiam Neeson
100%
Eva PerónEvitaMadonna
90%
Mohandas GandhiGandhiBen Kingsley
85%
Erin BrockovichErin BrockovichJulia Roberts
85%
Ed WoodEd WoodJohnny Depp
75%
Andy KaufmanMan on the MoonJim Carrey
70%
Queen Elizabeth IElizabethCate Blanchett
65%
Mark ZuckerbergThe Social NetworkJesse Eisenberg
60%
Selena Quintanilla-PérezSelenaJennifer Lopez
60%
Jimmy HoffaHoffaJack Nicholson
50%
J. Edgar HooverJ. EdgarLeonardo DiCaprio
45%
Richard M. NixonNixonAnthony Hopkins
40%
Bela LugosiMartin Landau
30%
Cameron & Tyler WinklevossArmie Hammer
30%
Ip ManIp ManDonnie Yen
10%
Sammy Davis, Jr.Don Cheadle
10%
Frank SinatraThe Rat PackRay Liotta
10%
Frank JamesThe Last Days of Frank and Jesse JamesJohnny Cash
5%
Jesse JamesKris Kristofferson
5%
Dean MartinJoe Mantegna
0%

Score Distribution

Percentile by Number Answered

Percent of People with Each Score

Your Score History

You have not taken this quiz